000 00420nam a2200157Ia 4500
005 20250701160408.0
008 240331s9999 xx 000 0 und d
020 _a9552033225
082 _bHES
_a398
100 _aHesiod
245 0 _aWedapala ha dinnimithi
260 _aColombo
_bS. Godage & Brothers
_c1999
300 _a111 p .,
500 _aSinhala Translation with introduction , Notes & Commentary
942 _cL
999 _c5105
_d5105